1.651 al 1.700. Decretos leyes dictados por la Junta de Gobierno de la República de Chile

Saved in:
Bibliografiske detaljer
Format: Bog
Sprog:spansk
Udgivet: Santiago Jurídica de Chile 1977
Serier:Textos Legales, 37
Fag:
Tags: Tilføj Tag
Ingen Tags, Vær først til at tagge denne postø!

MARC

LEADER 00000nam a2200000 a 4500
001 UCR0866
003 CL-VaPUC
008 971205e19770000CL |||||||||||||||||spa|d
082 0 4 |a 348.022  |b DEC  |2 21 
245 1 0 |a 1.651 al 1.700. Decretos leyes dictados por la Junta de Gobierno de la República de Chile 
300 |a 163 p 
942 |c BK 
945 |d 19971205 00:00:00  |a lriquelm 
260 |a Santiago  |b Jurídica de Chile  |c 1977 
650 7 |a LEGISLACION  |2 CL-VaPUC  |9 397376 
650 7 |a FUENTES  |2 CL-VaPUC  |9 255666 
650 7 |a DERECHO CHILENO  |2 CL-VaPUC  |9 397377 
650 7 |a DECRETO LEY  |2 CL-VaPUC  |9 382553 
651 7 |a CHILE  |2 CL-VaPUC  |9 397378 
583 |a last modification  |c 19971205 00:00:00  |k Rodrigo Vera 
490 0 |a Textos Legales, 37 
999 |c 264364  |d 264362